000 005290000a22001930004500
020 _a84-220-0245-0
041 0 _aSPA
082 0 4 _aG 284.1 G2161r
100 1 _aGarcía Villoslada, Ricardo
245 1 0 _aRaíces históricas del luteranismo / Ricardo García-Villoslada
250 _a2
260 _aMadrid, España : Biblioteca de Autores Cristianos
300 _a318 Pag
001 8739
942 _cBK
999 _c38859
_d38859
336 _atexto
_btxt
_2rdacontent
337 _2rdamedia
_asin mediación
_bn
338 _2rdacarrier
_avolumen
_bnc